Williams Ginecología

Uloženo v:
Podrobná bibliografie
Hlavní autoři: Schorge, John O (Autor), Schaffer, Joseph I (Autor), Halvorson, Lisa M (Autor), Hoffman, Barbara L (Autor), Bradshaw, Karen D (Autor), Cunningham, F. Gary (Autor)
Médium: Kniha
Jazyk:španělština
Vydáno: Ciudad de México McGraw-Hill 2009
Vydání:1a. ed
Témata:
Tagy: Přidat tag
Žádné tagy, Buďte první, kdo vytvoří štítek k tomuto záznamu!

MARC

LEADER 00000cam a2200000 a 4500
001 UCD7471
003 CL-VaPUC
008 170326e20090000mx |||||||||||||||||spa|d
020 |a 9789701072578 
082 0 4 |a 618.1  |b SCH  |2 21 
100 0 |a Schorge, John O  |e author  |9 591472 
700 0 |a Schaffer, Joseph I  |e author  |9 591473 
700 0 |a Halvorson, Lisa M  |e author  |9 591474 
700 0 |a Hoffman, Barbara L  |e author  |9 591475 
700 0 |a Bradshaw, Karen D  |e author  |9 591476 
700 0 |a Cunningham, F. Gary  |e author  |9 591477 
245 1 0 |a Williams Ginecología 
250 |a 1a. ed 
300 |a 1189 p 
942 |c BK 
945 |d 20170326 03:36:00  |a dcastane 
260 |a Ciudad de México  |b McGraw-Hill  |c 2009 
650 7 |a GINECOLOGIA  |2 CL-VaPUC  |9 370900 
650 7 |a OBSTETRICIA  |2 CL-VaPUC  |9 310890 
650 0 |a Enfermedades contagiosas  |9 392544 
650 0 |a Enfermedades de transmisión sexual   |9 448974 
650 7 |a ENFERMEDADES GINECOLOGICAS  |2 CL-VaPUC  |9 374220 
583 |a last modification  |c 20170326 03:36:00  |k Rodrigo Vera 
999 |c 367487  |d 367485